The Birthplace of American Ski Jumpers - Statistics

General Stats
  • This quiz has been taken 6 times
  • The average score is 4 of 11
Answer Stats
Ski jumper City State % Correct
William Rhoads Concord New Hampshire
80%
Nicholas Mattoo Eau Claire Wisconsin
60%
Andrew Urlaub Eau Claire Wisconsin
60%
Tate Frantz Lake Placid New York
60%
Michael Glasder Lake Forest Illinois
40%
Casey Larson Barrington Illinois
20%
Patric Gasienica McHenry Illinois
20%
Eric Belshaw Steamboat Springs Colorado
20%
Jason Colby Steamboat Springs Colorado
20%
Kevin Bickner Wauconda Illinois
20%
Decker Dean Wenatchee Washington
20%
No matching quizzes found
Score Distribution
Percent of People with Each Score
Percentile by Number Answered
Your Score History
You have not taken this quiz